1037 1634 1303 1977 1385 1452 1306 1248 1501 1782 1737 1170 1341 1217 1870 1796 1024 1040 1813 1645 1750 1782 1286 1696 1761 1678 1698 1842 1256 1617 1696 1032 1841 1048 1089 1851 1791 1895 1663 1863 1066 1920 1389 1804 1821 1771 1832 1237 1875 1326 1980 1803 1810 1846 1286 1895 1249 1117 1576 1283 1342 1913 1856 1847 1436 1695 1349 1185 1194 1631 1740 1835 1340 1627 1874 1312 1964 1390 1376 1551 1410 1227 1744 1918 1443 1419 1074 1172 1205 1330 1710 1295 1868 1493 1923 1055 1289 1091 1696 BCNSPRNW ULIB Ver.6.0+V

เปลี่ยนเป็นภาษาไทย

Change to English
 แสดงรายละเอียดบรรณานุกรม
  กลับหน้าหลัก

Brief Record : Get Marc (ISO 2709) : E-mail record : QR code < ปิดหน้าต่าง
LEADER : 01174nam 2200277 a 4500
001    13399112529
003     ULIB
008    030417s2554 caua sb 001 0 tha
020    ^a9786165000697
099    นว.^bช465อ 2554
100    ^aชาครีย์นรทิพย์
245    ^aอาณาจักร์แห่งเม็ดทราย/^cชาครีย์นรทิพย์
260    กรุงเทพฯ:^bพิมพ์คำ,^c2554
300    504 sohk
945    ^p0^l0^i030458
995    เกษร
999    ^aKey new Using ULIBM easy add form
รายการนี้ยังไม่มีแท็ก
คุณยังไม่ได้ล็อกอิน คุณสามารถมีกิจกรรมร่วมกับเว็บไซต์ได้ แต่ต้องล็อกอินก่อน ::
  ล็อกอิน

รายการสื่อสารสนเทศ

ลำดับที่ ประเภท เลขเรียก/บาร์โค้ด สถานที่ สถานะ
1. นวนิยาย
นวนิยาย
นว. ช465อ 2554  
  Barcode: 030458
ห้องสมุดวิทยาเขตสวรรค์ประชารักษ์
►นวนิยาย
บนชั้น
  ขอยืม

รายการใกล้เคียง
    ผู้แต่ง [ชาครีย์นรทิพย์]

    หัวเรื่อง []

BibComment


ยังไม่เคยถูกคอมเมนท์

คอมเมนท์ทรัพยากรรายการนี้
  คอมเมนท์: อาณาจักร์แห่งเม็..


 Copyright 2026. Bcnsprnw @Library